| 000 | 00000cas 2200000zi 4500 |
| 001 | 9.955394 |
| 003 | CaOODSP |
| 005 | 20251210085538 |
| 006 | m o d f |
| 007 | cr cn |||||||| |
| 008 | 250916c20249999mbcqr p o s f0 0eng|d |
| 040 | |aCaOODSP|beng|erda|cCaOODSP |
| 043 | |an-cn-bc|an-cnp-- |
| 086 | 1 |aA92-62E-PDF |
| 245 | 00|aWheat, no. 1 and no. 2 Canada Western Amber Durum (CWAD) : |b... export cargo aggregates by grade. |
| 246 | 1 |iSome issues have title: |aWheat, no. 1, 2 and 3 Canada Western Amber Durum (CWAD) : |b... export cargo aggregates by grade |
| 264 | 1|a[Winnipeg] : |bCanadian Grain Commission = Commission canadienne des grains, |c[2023]- |
| 310 | |aQuarterly |
| 336 | |atext|btxt|2rdacontent |
| 337 | |acomputer|bc|2rdamedia |
| 338 | |aonline resource|bcr|2rdacarrier |
| 362 | 1 |aBegan with: 1st quarter (2023/2024 crop year). |
| 500 | |aIssued also in French under title: Blé dur ambré de l'Ouest canadien (CWAD) nos 1 et 2 : cargaisons destinées à l'exportation, échantillons regroupés par grade, ... |
| 520 | |a"Aggregate samples of wheat export shipments are prepared each quarter from loading samples, based on class, grade and shipment direction, and are analyzed according to our standard procedures and methods. Our quarterly reports present the average quality of export cargoes of Canada Western Amber Durum (CWAD) wheat ..." |
| 588 | |aDescription based on: 1st quarter (2023/2024 crop year); title from PDF caption. |
| 588 | |aLatest issue consulted: 3rd quarter (2024/2025). |
| 650 | 0|aDurum wheat|xQuality|zCanada, Western|vStatistics|vPeriodicals. |
| 655 | 7|aPeriodicals|2lcgft |
| 655 | 7|aStatistics|2lcgft |
| 710 | 2 |aCanadian Grain Commission, |eissuing body. |
| 710 | 2 |aGrain Research Laboratory (Canada), |eissuing body. |
| 775 | 08|tBlé dur ambré de l'Ouest canadien (CWAD) nos 1 et 2 : |w(CaOODSP)9.955393 |